00553nam a2200169Ia 4500008004100000020003000041040000700071082001900078100001900097245008900116250001300205260007100218300003900289650002600328700002200354852000700376190805s9999||||xx |||||||||||||| ||und|| a9789339222864cRs. 625.00 aKO04a658bK83772231 aKoontz, Harold10aEssentials of Management: An International, Innovation and Leadership Perspective /  a10th ed. aNew Delhi : bMcGraw Hill Education (India),c2015, reprinted 2016 axxxix, 496 p.b : ill.c; 23.5 cm. 0aManagementvTextbooks1 aWeihrich, Heinz  aKO